| 000 | 00769nam a2200229 a 4500 | ||
|---|---|---|---|
| 001 | 000043330 | ||
| 003 | DO-SdBNP | ||
| 005 | 20210628113621.0 | ||
| 008 | 140310s2004 dr cf 000 0 spa d | ||
| 040 |
_aDO-SdBNP _bspa _cBNPHU |
||
| 082 |
_a758 _bP646 |
||
| 245 | 0 | 0 |
_aPinacoteca de la Superintendencia de Seguros / _cdirección y producción Sócrates Ant. Caba P. ; fotografías Virgilio D. Jesús. |
| 260 |
_aSanto Domingo : _bSuperintendencia de Seguros /, _c2004. |
||
| 300 |
_a59 p. : _bil. ; _c29 cm. |
||
| 590 | _aInventariado, 2021 / DG | ||
| 650 | 4 |
_aPintores dominicanos _911660 |
|
| 650 | 4 |
_aPinturas dominicanas _979017 |
|
| 700 | 1 | 2 |
_aCaba p., Sócrate Ant. _970967 |
| 700 | 1 | 2 |
_aJesús, Virgilio D. _efot. _970968 |
| 910 | _aD/G | ||
| 942 |
_2ddc _cLBS1 |
||
| 999 |
_c42819 _d42819 |
||